Litio (Registro nro. 4194)
[ vista simple ]
| 000 -LEADER | |
|---|---|
| fixed length control field | 01283 a2200229 4500 |
| 001 - CONTROL NUMBER | |
| control field | 46391 |
| 005 - DATE AND TIME OF LATEST TRANSACTION | |
| control field | 20260407155735.0 |
| 008 - FIXED-LENGTH DATA ELEMENTS--GENERAL INFORMATION | |
| fixed length control field | 260407a2018 arg spa d |
| 003 - CONTROL NUMBER IDENTIFIER | |
| control field | AR-UNSa-BCEJYS |
| 040 ## - CATALOGING SOURCE | |
| Original cataloging agency | AR-UNSa-BCEJYS |
| Language of cataloging | spa |
| Transcribing agency | AR-UNSa-BCEJYS |
| 080 ## - UNIVERSAL DECIMAL CLASSIFICATION NUMBER | |
| Universal Decimal Classification number | 546.3 |
| Common auxiliary subdivision | Metales en general (Litio...) |
| 020 ## - INTERNATIONAL STANDARD BOOK NUMBER | |
| International Standard Book Number | 978-987-698-210-8 |
| 041 ## - LANGUAGE CODE | |
| Language code of text/sound track or separate title | spa |
| 100 1# - MAIN ENTRY--PERSONAL NAME | |
| Personal name | Alonso, Ricardo N. |
| 245 10 - TITLE STATEMENT | |
| Title | Litio |
| Name of part/section of a work | el metal de los salares andinos |
| 264 #1 - PRODUCTION, PUBLICATION, DISTRIBUTION, MANUFACTURE, AND COPYRIGHT NOTICE | |
| Place of production, publication, distribution, manufacture | Salta : |
| Name of producer, publisher, distributor, manufacturer | Mundo Gráfico Salta |
| Date of production, publication, distribution, manufacture, or copyright notice | 2018 |
| 300 ## - PHYSICAL DESCRIPTION | |
| Extent | 119 p. |
| Dimensions | 22 cm. |
| 505 ## - FORMATTED CONTENTS NOTE | |
| Formatted contents note | 1. El litio de la Puna y de los Andes Centrales – 2. ¿Qué es el litio? – 3. Litio: El sueño profético de Luciano Catalano – 4. Litio: Entre triángulos y eufemismos – 5. El bicentenario de del litio (1817-2017) – 6. Litio en roca – 7. Litio en arcillas – 8. Litio en salmueras – 9. Clasificación de las cuencas y salares – 10. Origen y evolución de los salares de la Puna Argentina – 11. LA Provincia Litífera Centroandina – 12. Los usos múltiples del litio – 13. Epílogo autobiográfico sobre la temática del litio – 14. Bibliografía – |
| 590 ## - LOCAL NOTE (RLIN) | |
| Local note | niveau_biblio:m niveau_hierar:0 |
| 856 41 - ELECTRONIC LOCATION AND ACCESS | |
| Uniform Resource Identifier | <a href="https://www.biblioeco.unsa.edu.ar/pmb/images/libros/L127346.jpg">https://www.biblioeco.unsa.edu.ar/pmb/images/libros/L127346.jpg</a> |
| Link text | Imagen de portada |
| Electronic format type | image/jpeg |
| 942 ## - ADDED ENTRY ELEMENTS (KOHA) | |
| Koha item type | |
| Withdrawn status | Lost status | Damaged status | Not for loan | Home library | Current library | Shelving location | Date acquired | Total checkouts | Full call number | Barcode | Date last seen | Price effective from | Koha item type |
|---|---|---|---|---|---|---|---|---|---|---|---|---|---|
| Biblioteca Prof. Eusebio Cleto del Rey | Biblioteca Prof. Eusebio Cleto del Rey | 07/04/2026 | 546.3 A454 | L127346 | 07/04/2026 | 07/04/2026 | Libro |